00474nam a2200169Ia 4500003000400000005001700004008004100021020001800062040002700080100002100107245002700128260002200155260000900177942001200186999001300198952009300211OSt20240209102807.0170523s9999 xx 000 0 und d a9788187368755 ciimt university meerut aTRIPATHI- RAMESH 0aPATRKARITA KE SIDDHANT bRADHA PUBLICATION c1995 2ddcc02 c443d443 00102ddc4070a01b01d2017-05-31fDept. MBAp01-B-1592r2017-05-31w2017-05-31y02z